Hỏi đáp tin học; T3

Uloženo v:
Podrobná bibliografie
Hlavní autor: Nguyễn Hạnh
Médium: Kniha
Jazyk:Undetermined
Vydáno: Tp. HCM Trẻ 2002
Témata:
Tagy: Přidat tag
Žádné tagy, Buďte první, kdo otaguje tento záznam!
Thư viện lưu trữ: Trung tâm Học liệu Trường Đại học Cần Thơ
LEADER 00513nam a2200181Ia 4500
001 CTU_54119
008 210402s9999 xx 000 0 und d
020 |b 11000 
082 |a 005 
082 |b H107/T3 
100 |a Nguyễn Hạnh 
245 0 |a Hỏi đáp tin học; T3 
245 0 |c Nguyễn Hạnh và Nguyễn Chí Hiếu 
260 |a Tp. HCM 
260 |b Trẻ 
260 |c 2002 
650 |a computer science,software application 
980 |a Trung tâm Học liệu Trường Đại học Cần Thơ